Facilitating and creating synergies between teaching and research: The role of the academic administrator (Record no. 97152)

000 -LEADER
fixed length control field 00623pab a2200217 454500
008 - FIXED-LENGTH DATA ELEMENTS--GENERAL INFORMATION
fixed length control field 180718b2012 xxu||||| |||| 00| 0 eng d
100 ## - MAIN ENTRY--PERSONAL NAME
Personal name Balkin , David B.
245 ## - TITLE STATEMENT
Title Facilitating and creating synergies between teaching and research: The role of the academic administrator
260 ## - PUBLICATION, DISTRIBUTION, ETC.
Date of publication, distribution, etc. 2012
300 ## - PHYSICAL DESCRIPTION
Extent p.471-494.
362 ## - DATES OF PUBLICATION AND/OR SEQUENTIAL DESIGNATION
Dates of publication and/or sequential designation Aug
650 ## - SUBJECT ADDED ENTRY--TOPICAL TERM
Topical term or geographic name entry element Research
650 ## - SUBJECT ADDED ENTRY--TOPICAL TERM
Topical term or geographic name entry element Management education
650 ## - SUBJECT ADDED ENTRY--TOPICAL TERM
Topical term or geographic name entry element Teaching
650 ## - SUBJECT ADDED ENTRY--TOPICAL TERM
Topical term or geographic name entry element Academic teaching personnel
650 ## - SUBJECT ADDED ENTRY--TOPICAL TERM
Topical term or geographic name entry element Educational management
700 ## - ADDED ENTRY--PERSONAL NAME
Personal name Mello, Jeffrey A.
773 ## - HOST ITEM ENTRY
Main entry heading Journal of Management Education
908 ## - PUT COMMAND PARAMETER (RLIN)
Put command parameter N
909 ## -
-- 97152
Holdings
Withdrawn status Lost status Damaged status Not for loan Permanent Location Current Location Date acquired Serial Enumeration / chronology Barcode Date last seen Price effective from Koha item type
        Indian Institute of Public Administration Indian Institute of Public Administration 2018-07-19 Volume no: 36, Issue no: 4 AR97612 2018-07-19 2018-07-19 Articles

Powered by Koha